|
|
|
|
| LEADER |
00000nam0a2200000 4500 |
| 001 |
317175 |
| 005 |
20231102002940.0 |
| 010 |
|
|
|a 9785811420155
|
| 035 |
|
|
|a (RuTPU)RU\TPU\book\342643
|
| 090 |
|
|
|a 317175
|
| 100 |
|
|
|a 20160405d2016 m y0rusy50 ca
|
| 101 |
0 |
|
|a rus
|
| 102 |
|
|
|a RU
|
| 105 |
|
|
|a a j 001zy
|
| 200 |
1 |
|
|a Электрические машины
|e учебник
|f В. Н. Ванурин
|
| 210 |
|
|
|a Санкт-Петербург
|c Лань
|d 2016
|
| 215 |
|
|
|a 304 с.
|c ил.
|
| 225 |
1 |
|
|a Учебники для вузов. Специальная литература
|
| 320 |
|
|
|a Библиогр.: с. 301.
|
| 330 |
|
|
|a Описываются конструкции и излагаются основы теории электрических машин постоянного и переменного тока, принципы действия, приводятся уравнения, а также основные характеристики электрических машин и трансформаторов. Основное внимание уделено асинхронным двигателям, наиболее распространенным в сельскохозяйственном производстве, учебник написан в соответствии с программой одноименного курса и предназначен для студентов высших учебных заведений, обучающихся по направлениям подготовки «Агроинженерия", "Электроэнергетика и электротехника".
|
| 606 |
1 |
|
|a Электрические машины
|2 stltpush
|3 (RuTPU)RU\TPU\subj\27074
|9 50877
|
| 610 |
1 |
|
|a машины переменного тока
|
| 610 |
1 |
|
|a трансформаторы
|
| 610 |
1 |
|
|a асинхронные машины
|
| 610 |
1 |
|
|a синхронные машины
|
| 610 |
1 |
|
|a конструкции
|
| 610 |
1 |
|
|a характеристики
|
| 610 |
1 |
|
|a учебники
|
| 675 |
|
|
|a 621.313(075.8)
|v 4
|
| 700 |
|
1 |
|a Ванурин
|b В. Н.
|g Владимир Николаевич
|
| 801 |
|
1 |
|a RU
|b 63413507
|c 20160405
|
| 801 |
|
2 |
|a RU
|b 63413507
|c 20160504
|g RCR
|
| 900 |
|
|
|a Электрические машины
|
| 942 |
|
|
|c BK
|
| 951 |
|
|
|l 8.1
|
| 959 |
|
|
|a 23/20160218
|d 5
|e 750,00
|f ЧЗТЛ:1
|f УФ:4
|